| 000 | 01085cam a22002531i 4500 | ||
|---|---|---|---|
| 003 | OSt | ||
| 005 | 20241128131409.0 | ||
| 008 | 241127s2009 su g 000 0 ara c | ||
| 040 |
_aSA-JeALM _bara _cSA-RiAUC _erda |
||
| 082 | 0 | 4 |
_a257.1 _qSA-RiAUC |
| 090 |
_a257.1 _bط ل ا |
||
| 100 | 1 |
_aطلافحة، محمد محمود أحمد _eمؤلف. |
|
| 245 | 1 | 0 |
_aقاعدة : ( تصرف الإمام على الرعية منوط بالمصلحة ) وتطبيقاتها الفقهية والقانونية في مجال المعاملات المعاصرة / _cمحمد محمود أحمد طلافحة. |
| 250 | _aالطبعة الاولى : | ||
| 264 | 1 |
_aالسعودية : _bمكتبة الرشد، _c2008 |
|
| 300 |
_a289 صفحة؛ _c24 سم. |
||
| 336 |
_aنص _btxt _2rdacontent _3كتاب |
||
| 337 |
_aبدون وسيط _bn _2rdamedia |
||
| 338 |
_aمجلد _bnc _2rdacarrier |
||
| 650 | 7 |
_aالنظام السياسي في الإسلام _2aucsh |
|
| 650 | 7 |
_aالإمامة (فقه إسلامي) _2aucsh |
|
| 942 |
_2ddc _cBOOK _n0 |
||
| 949 |
_aSA-JeALM _d241127 _uosman123 _n1 |
||
| 999 |
_c2848 _d2848 |
||